Historia gráfica del arte /

Guardado en:
Autor Principal: Gauthier, Joseph
Formato: Libro
Publicado: Buenos Aires : Leru, 1962
Edición:5a. ed.
Materias:
Etiquetas: Agregar Etiqueta
Sin Etiquetas, Sea el primero en etiquetar este registro!
LEADER 00749nam a22002175a 4500
001 CEM.cems002820
008 130507s1962##################000#0#####d
005 20241216115621.0
245 1 0 |a Historia gráfica del arte /  |c Joseph Gauthier 
250 |a 5a. ed. 
260 |a Buenos Aires :  |b Leru,  |c 1962 
300 |a 287 p. 
505 0 |a Antiguedad: arte griego, etrusco y romano.-Arte paleocristiano.-Arte bizantino.-Arte de la época de las grandes invasiones.-Arte rom nico. -Arte g¢tico. 
100 1 |a Gauthier, Joseph 
082 0 4 |a 709 
653 |a Arte 
653 |a Arte azteca 
653 |a Arte prehistorico 
653 |a Historia de la arquitectura 
653 |a Historia del arte 
859 |a CEMS  |b BIB. CEMS - 11 de abril  |h 709  |i G235a5  |p 11568.83  |t Ej.1